000 00599nam a2200205Ia 4500
005 20250923145700.0
008 008 250917s9999 xx 000 0 eng d
037 _aTextual
040 _aDSWL
_beng
_cDSWL
041 _aeng
_2eng
084 _aQ4:(Y).2, N80
_qDSWL
100 _aLingal, T.
_9837900
245 0 _aBuddhist revival in India aspects of this sociology of Buddhist
_c by T.Lingal
260 _aLondon
_bMacmillan
_c1980
300 _aviii,151 p.
365 _aINR
_b170.60
925 _g170.60
942 _cTEXL
_hQ4:(Y).2, N80
999 _c1454305
_d1454305